1383 1702 1859 1931 1086 1677 1317 1204 1147 1794 1229 1526 1298 1314 1331 1072 1319 1668 1020 1573 1893 1432 1200 1512 1972 1125 1531 1571 1621 1346 1805 1667 1192 1302 1934 1320 1125 1035 1389 1673 1854 1561 1449 1214 1017 1022 1980 1947 1024 1385 1123 1784 1458 1574 1367 1206 1044 1606 1900 1563 1380 1740 1275 1531 1935 1258 1621 1306 1862 1925 1126 1449 1900 1664 1875 1717 1813 1614 1142 1387 1061 1135 1688 1761 1322 1779 1818 1619 1283 1517 1509 1412 1690 1409 1172 1910 1442 1916 1488 BCNSPRNW ULIB Ver.6.0+V

เปลี่ยนเป็นภาษาไทย

Change to English
 แสดงรายละเอียดบรรณานุกรม
  กลับหน้าหลัก

Brief Record : Get Marc (ISO 2709) : E-mail record : QR code < ปิดหน้าต่าง
LEADER : 00000nam 2200000uu 4500
001    13399110171
003     ULIB
008    110425s2543||||th 000 0 tha d
020    9746375768
060 04 WK810^bก452ด 2543
245 00 การดูแลรักษาผู้ป่วยเบาหวาน /^cวิทยา ศรีดามา, บรรณาธิการ
250    พิมพ์ครั้งที่ 2
260    กรุงเทพฯ :^bโครงการตำราจุฬาอายุรศาสตร์ ภาควิชาอายุรศาสตร์คณะแพทยศาสตร์ จุฬาลงกรณ์มหาวิทยาลัย,^c2543
300    334 หน้า :^bภาพประกอบ ;^c26 ซม.
440  0 โครงการตำราจุฬาอายุรศาสตร์ ;^vฉบับที่ 13
504    บรรณานุกรมและดรรชนี
650  7 เบาหวาน^xการรักษา
650  7 ผู้ป่วย, การดูแล
700 0  วิทยา ศรีดามา,^eบรรณาธิการ
710 2  จุฬาลงกรณ์มหาวิทยาลัย.^bคณะแพทยศาสตร์.^bโครงการตำราอายุรศาสตร์
945    ^p200^l0^i013352
945    ^p200^l0^i013351
945    ^p200^l0^i013350
995    ทศพร
999 ^a ใช้งานได้ทุกระบบ
รายการนี้ยังไม่มีแท็ก
คุณยังไม่ได้ล็อกอิน คุณสามารถมีกิจกรรมร่วมกับเว็บไซต์ได้ แต่ต้องล็อกอินก่อน ::
  ล็อกอิน

รายการสื่อสารสนเทศ

ลำดับที่ ประเภท เลขเรียก/บาร์โค้ด สถานที่ สถานะ
- ไม่พบข้อมูล -

รายการใกล้เคียง
    หัวเรื่อง [เบาหวาน การรักษา]
    หัวเรื่อง [ผู้ป่วย, การดูแล]

BibComment


ยังไม่เคยถูกคอมเมนท์

คอมเมนท์ทรัพยากรรายการนี้
  คอมเมนท์: การดูแลรักษาผู้ป่..


 Copyright 2026. Bcnsprnw @Library